Gaming Quiz

Random Gaming or Video Games Quiz

Video Game Developers Quiz Stats

 Plays Quiz Updated Oct 7, 2019

Support Sporcle.
Go Orange.
Score 0/34 Timer 07:00
2 Plays Today
Game series Developer % Correct
MarioNintendo Company
81.1%
The SimsElectronic Arts (Maxis)
68.8%
Grand Theft AutoRockstar North
65.7%
WarcraftBlizzard Entertainment
58.3%
HaloBungie
54.9%
Final FantasySquare Enix
49.5%
Banjo-KazooieRare
48.6%
Half-LifeValve Corporation
47.4%
Metal Gear SolidKojima Productions
47.2%
EverQuestSony Online Entertainment
43.7%
Resident EvilCapcom Company
42.8%
UnchartedNaughty Dog
42.1%
The Elder ScrollsBethesda Softworks
40.1%
Phantasy StarSega (Sonic Team)
39.8%
PokémonGame Freak
39.6%
Splinter CellUbisoft Entertainment
34.2%
Pac-ManNamco Limited
30%
Game series Developer % Correct
Doomid Software
27.5%
Gears of WarEpic Games
24.6%
Rock BandHarmonix Music Systems
23.9%
Tony HawkNeversoft Entertainment
23.8%
BejeweledPopCap Games
21.6%
Mortal KombatNetherRealm Studios
21.4%
Bowl/Super BowlTecmo
20.9%
FableLionhead Studios
18.8%
Ratchet & ClankInsomniac Games
16.4%
The King of FightersSNK Playmore
12.2%
Lego (Star Wars/Batman)Traveller's Tales
11.7%
CivilizationMicroProse
11%
King's QuestSierra On-Line
10.9%
BurnoutCriterion Games
10.1%
Gran TurismoPolyphony Digital
8.2%
Heretic/HexenRaven Software
4.1%
MystCyan Worlds
3.8%

You're not logged in!

Compare scores with friends on all Sporcle quizzes.
OR
Log In

From the Vault

Musicals A-Z (Slideshow)

by Tolkienite

Feel free to sing along.
Remove Ads.
Support Sporcle.
Get the best of Sporcle when you Go Orange. This ad-free experience offers more features, more stats, and more fun while also helping to support Sporcle. Thank you for becoming a member.

Show Comments

Extras

Top Quizzes Today


Score Distribution

Your Account Isn't Verified!

In order to create a playlist on Sporcle, you need to verify the email address you used during registration. Go to your Sporcle Settings to finish the process.

Report this User

Report this user for behavior that violates our Community Guidelines.

Details: